00947pam a2200229 a 4500008004100000020002100041245016400062250001200226260004200238300002600280650003800306650004300344650006900387650002700456650002600483650004300509650006900552710006900621003000100690005001700691040000900708  a0720122171(hbk.)00aInternational guide to qualifications in education /cthe British Council, the National Academic Recognition Information Centre (NARIC) for the United Kingdom. a4th ed. aLondon ;aNew York :bMansell,c1996. axvi, 919 p. ;c26 cm. 0aStudents, ForeignzGreat Britain. 0aSchool creditsxStandardsxEvaluation. 0aUniversities and collegeszGreat BritainxEntrance requirements. 0aComparative education. 0aEducationxStandards. 4aSchool creditsxStandardsxEvaluation. 4aUniversities and collegeszGreat BritainxEntrance requirements.2 aNational Academic Recognition Information Centre (Great Britain)20230120191422.0 cNUST